| 000 | 00978nam a2200289Ia 4500 | ||
|---|---|---|---|
| 003 | OSt | ||
| 005 | 20221005051428.0 | ||
| 006 | a|||||r|||| 00| 0 | ||
| 007 | ta | ||
| 008 | 221004b |||||||| |||| 00| 0 eng d | ||
| 020 |
_a9781350080416 (hbk) _cUKP 85.00 |
||
| 024 | _a68150 | ||
| 037 |
_b14295, 06/03/2020, Elite Publishers Distributors _cTextual |
||
| 040 |
_aCRL _cCRL _beng |
||
| 041 |
_2eng _aeng |
||
| 082 | _aR853xN25:g(Y15), Q9 | ||
| 100 |
_aSholtz Janae Ed. _9432393 |
||
| 245 | 0 |
_aDeleuze and the schizoanalysis of feminism _b alliances and allies |
|
| 260 |
_aLondon _bBloomsbury Academic UK _c2019 |
||
| 300 |
_aviii,292p. _ccm. |
||
| 650 | _a FEMINISM | ||
| 650 | _a PHILOSOPHERS | ||
| 650 |
_aDELEUZE, GILLES _934067 |
||
| 700 |
_a Carr Cheri Lynne Ed. _9595972 |
||
| 942 |
_hR853xN25:g(Y15), Q9 _cTEXL _2cc |
||
| 999 |
_c958804 _d958804 |
||